00618nam a2200193Ia 450000500170000000800410001702000220005804100120008008200130009210000300010524500470013525000080018226000350019050000150022565000210024094200070026195201370026899900190040520240823045950.0240823s9999||||xx |||||||||||||| ||und|| a978-81-5104-735-3 aENGLISH A242.8 Q3 aJebamalai Vinanchi Arachi 0aIn Joy and Sorrow (My Story of the Family) a1st c2013bApplied Scholastics Inst aTRANSFERED aGeneralbGeneral cBK 00104070aNICHELIBbNICHELIBcAeronauticald2013-11-04eGift Bookg250.00l0o242.8 Q3p65819r2024-08-23 04:59:50w2024-08-23yBK c216175d216175